Air battle force

Bibliographic Details
Main Author: Brown,Dale
Format: Book
Published: London : HarperCollins Publishers , 2003
Subjects:

MARC

LEADER 00000cam a2200000 7i4500
001 0000007743
005 20070906.0
008 070906
020 |a 0007142463 
090 0 0 |a BRO   |b ENG 
100 1 |a Brown,Dale 
245 1 0 |a Air battle force   |c Dale Brown 
260 |a London :   |b HarperCollins Publishers ,   |c 2003 
650 0 |a English fiction 
999 |a 0000991301   |b Book   |c Adult Collection   |e Perbadanan Perpustakaan Awam Johor 
999 |a 0000991302   |b Book   |c Adult Collection   |e Perbadanan Perpustakaan Awam Johor